Historia política y constitucional (Registro nro. 2945)

Detalles MARC
000 -LEADER
fixed length control field 01461 a2200253 4500
001 - CONTROL NUMBER
control field 39016
005 - DATE AND TIME OF LATEST TRANSACTION
control field 20260407155649.0
008 - FIXED-LENGTH DATA ELEMENTS--GENERAL INFORMATION
fixed length control field 260407a1992 arg spa d
003 - CONTROL NUMBER IDENTIFIER
control field AR-UNSa-BCEJYS
040 ## - CATALOGING SOURCE
Original cataloging agency AR-UNSa-BCEJYS
Language of cataloging spa
Transcribing agency AR-UNSa-BCEJYS
080 ## - UNIVERSAL DECIMAL CLASSIFICATION NUMBER
Universal Decimal Classification number 94(82):32
Common auxiliary subdivision Historia Política y Constitucional de Argentina
020 ## - INTERNATIONAL STANDARD BOOK NUMBER
International Standard Book Number 950-534-163-6
041 ## - LANGUAGE CODE
Language code of text/sound track or separate title spa
100 1# - MAIN ENTRY--PERSONAL NAME
Personal name Rodríguez Varela, Alberto
245 10 - TITLE STATEMENT
Title Historia política y constitucional
Name of part/section of a work Argentina 1776-1989
264 #1 - PRODUCTION, PUBLICATION, DISTRIBUTION, MANUFACTURE, AND COPYRIGHT NOTICE
Place of production, publication, distribution, manufacture Buenos Aires :
Name of producer, publisher, distributor, manufacturer Círculo Militar
Date of production, publication, distribution, manufacture, or copyright notice 1992
300 ## - PHYSICAL DESCRIPTION
Extent xvii, 488 p.
Dimensions 22 cm.
505 ## - FORMATTED CONTENTS NOTE
Formatted contents note 1. Doctrinas e influencias que prepararon el preceso emancipador - 2. Los precursores de la emancipación - 3. Vísperas de nuestra emancipación - 4. Comienzos de la emancipación - 5. Emancipación política - 6. El problema constitucional - 7. La época de Rosas - 8. La Constitución de 1853 - 9. Secesión - 10. Unión nacional - 11. La liga de gobernadores - 12. Grandes controversias - 13. Bajo La Ley Sáenz Peña - 14. Crisis institucional - 15. El peronismo - 16. La revolución libertadora - 17. Años confusos - 18. Dos ciclos políticos - 19. El ocaso de la "Revolución Argentina" - 20. Subversión y corrupción<br/>
590 ## - LOCAL NOTE (RLIN)
Local note niveau_biblio:m niveau_hierar:0
700 1# - ADDED ENTRY--PERSONAL NAME
Personal name Romero Carranza, Ambrosio
700 1# - ADDED ENTRY--PERSONAL NAME
Personal name Ventura, Eduardo
856 41 - ELECTRONIC LOCATION AND ACCESS
Uniform Resource Identifier <a href="https://biblioeco.unsa.edu.ar/pmb/images/libros/L125646.jpg">https://biblioeco.unsa.edu.ar/pmb/images/libros/L125646.jpg</a>
Link text Imagen de portada
Electronic format type image/jpeg
942 ## - ADDED ENTRY ELEMENTS (KOHA)
Koha item type
Existencias
Withdrawn status Lost status Damaged status Not for loan Home library Current library Shelving location Date acquired Total checkouts Full call number Barcode Date last seen Price effective from Koha item type
        Biblioteca Prof. Eusebio Cleto del Rey Biblioteca Prof. Eusebio Cleto del Rey   07/04/2026   94(82):32 R763 L125646 07/04/2026 07/04/2026 Libro